[Event "BEM 02 MT"]
[Site "Salzgitter-Lebenstedt"]
[Date "2002.10.01"]
[Round "7"]
[White "Lau, Jürgen"]
[Black "Langenfeld, Stefan"]
[Result "1/2-1/2"]
[WhiteElo "1973"]
[BlackElo "1977"]
[PlyCount "99"]
[EventDate "2002.09.28"]
[SourceDate "2002.09.28"]

1. e4 e5 2. Nf3 Nf6 3. d4 Nxe4 4. Nxe5 d5 5. Bd3 Bd6 6. Qf3 O-O 7. Nc3 f6 8.
Ng4 Qe8 9. Be3 c6 10. O-O-O f5 11. Ne5 Nd7 12. Bf4 Nxe5 13. dxe5 Bxe5 14. Bxe5
Qxe5 15. Rhe1 Qf6 16. Ne2 Bd7 17. g3 Nc5 18. h4 Rae8 19. Nf4 Nxd3+ 20. Qxd3 Re5
21. Re3 Rfe8 22. Rde1 Kf7 23. c4 Rxe3 24. Rxe3 Rxe3 25. fxe3 Qe5 26. cxd5 cxd5
27. Nxd5 Be6 28. Nf4 Qc7+ 29. Kd2 Qa5+ 30. Qc3 Qxc3+ 31. Kxc3 Bxa2 32. Kd4 Bb1
33. Ke5 a5 34. Kd6 Be4 35. Ne6 b5 36. Nd4 Kg6 37. Nxb5 Kh5 38. Ke5 Kg4 39. Nd6
Kf3 40. g4 Kxg4 41. Nxe4 fxe4 42. Kxe4 Kxh4 43. Kd5 g5 44. e4 g4 45. e5 g3 46.
e6 g2 47. e7 g1=Q 48. e8=Q Qd1+ 49. Kc4 Qc2+ 50. Kd5 1/2-1/2

[Event "BEM 02 MT"]
[Site "Salzgitter-Lebenstedt"]
[Date "2002.10.01"]
[Round "7"]
[White "Buchholz, Ralf"]
[Black "Breuer, Stefan"]
[Result "0-1"]
[WhiteElo "1928"]
[BlackElo "2256"]
[PlyCount "122"]
[EventDate "2002.09.28"]
[SourceDate "2002.09.28"]

1. d4 Nf6 2. Nf3 e6 3. c4 b6 4. Nc3 Bb7 5. e3 Bb4 6. Bd2 O-O 7. Ne4 Bxd2+ 8.
Nexd2 c5 9. Be2 cxd4 10. exd4 d5 11. O-O dxc4 12. Nxc4 Nc6 13. Nce5 Rc8 14. Qa4
Qd6 15. Rac1 Qb4 16. Qxb4 Nxb4 17. a3 Nbd5 18. Rfd1 h6 19. h3 Rfd8 20. Bf1 Ne7
21. Bd3 Nfd5 22. Be4 Rxc1 23. Rxc1 Nf4 24. Re1 Bxe4 25. Rxe4 Nfd5 26. Nd3 Nf5
27. g4 Nf6 28. Re2 Nxd4 29. Nxd4 Rxd4 30. Nb4 a5 31. Nc6 Rd3 32. Re3 Rd1+ 33.
Kg2 Nd5 34. Rf3 Rc1 35. Ne5 f6 36. Nd3 Rd1 37. Nf4 Nxf4+ 38. Rxf4 Rb1 39. b4
axb4 40. axb4 e5 41. Re4 Kf7 42. f4 Ke6 43. fxe5 fxe5 44. Rc4 Kd6 45. Kf3 b5
46. Rc8 Rxb4 47. Rg8 Rf4+ 48. Ke3 Rf7 49. Ke4 Rb7 50. Rd8+ Ke7 51. Rd5 b4 52.
Rxe5+ Kd6 53. Rd5+ Kc6 54. Rd1 b3 55. Kf5 Kc5 56. g5 hxg5 57. Kxg5 Kc4 58. h4
b2 59. Kg6 Kb3 60. h5 Ka2 61. Rd2 Ka1 0-1